000 00439pab a2200169 454500
008 180718b2012 xxu||||| |||| 00| 0 eng d
100 _aUsharani, S.
245 _aEquilibrium thinking: An innovative technique for prison staff and prisoners
260 _c2012
300 _ap.34-42.
362 _aJul-Sept
650 _aPrisoners
700 _aPhilip, Prateep V.
773 _aIndian Police Journal
908 _aN
909 _a98714
999 _c98713
_d98713